Online Catalogue and eLibrary

Studies in South Asian Devotional Literature (Record no. 3375)

MARC details
000 -LEADER
fixed length control field 00436nam a2200157Ia 4500
005 - DATE AND TIME OF LATEST TRANSACTION
control field 20241209022328.0
008 - FIXED-LENGTH DATA ELEMENTS--GENERAL INFORMATION
fixed length control field 240331s9999 xx 000 0 und d
020 ## - INTERNATIONAL STANDARD BOOK NUMBER
ISBN 8173040958
082 ## - DDC Classification
Item Number - Author Mark STU
Class No. 891
100 ## - MAIN ENTRY--PERSONAL NAME
Personal name Entwistle, A. W
245 #0 - TITLE STATEMENT
Title Studies in South Asian Devotional Literature
260 ## - PUBLICATION, DISTRIBUTION, ETC.
Place of publication, distribution, etc. New Delhi
Name of publisher, distributor, etc. Manohar Publishers and Distributors
Date of publication, distribution, etc. 1994
300 ## - PHYSICAL DESCRIPTION
Extent (e.g. Volumes, Pages etc.) Xiii, 585 p .,
650 ## - SUBJECT ADDED ENTRY--TOPICAL TERM
Topical term or geographic name entry element Devotional Literature
942 ## - Koha item type (Biblio)
Koha item type Books in Stacks (Lending)
Holdings
Lost status Damaged status Collection code Home library Current library Shelving location Date acquired Full call number Accession Number Item type
    Lending WERC Library WERC Library Social Science Cupboard 03/31/2024 891.1 STU 3746 Books in Stacks (Lending)

© WERC Library